000 00329nam a2200145Ia 4500
008 200615s9999||||xx |||||||||||||| ||und||
020 _a9788131808146
082 _a620
_bSTR-R
100 _aRAJPUT,RK
245 0 _aSTRENGTH OF MATERIALS
250 _a4TH
260 _aNew Delhi
_bS.CHAND
_c2016
300 _a995
942 _cBK
999 _c29745
_d29745